Pasteur: la lucha contra los microbios

Gespeichert in:
Bibliographische Detailangaben
1. Verfasser: Latour, Bruno (autor)
Format: Buch
Sprache:Spanisch
Veröffentlicht: Madrid SM 1989
Schriftenreihe:De Par en Par
Schlagworte:
Tags: Tag hinzufügen
Keine Tags, Fügen Sie den ersten Tag hinzu!

MARC

LEADER 00000nam a2200000 a 4500
001 UCW5727
003 CL-VaPUC
008 910801e19890000SP |||||||||||||||||spa|d
082 0 4 |a 925  |b LAT  |2 21 
100 |a Latour, Bruno  |e autor  |9 603165 
245 1 0 |a Pasteur: la lucha contra los microbios 
300 |a 71 p 
942 |c BK 
945 |d 19910801 00:00:00 
260 |a Madrid  |b SM  |c 1989 
600 0 7 |a PASTEUR, LOUIS  |2 CL-VaPUC  |9 264974 
650 0 |a Bacteriología  |9 259330 
583 |a last modification  |c 20120531 09:35:06  |k Rodrigo Vera 
490 0 |a De Par en Par 
999 |c 219068  |d 219066 
952 |0 0  |1 0  |4 0  |6 925_000000000000000_LAT_1989  |7 0  |8 A  |9 209562  |a BIBEDU  |b BIBEDU  |d 2019-11-15  |i 2774364  |o 925 LAT 1989  |p 2774364  |r 2019-11-15  |w 2019-11-15  |y BK  |k EDU